| 000 | 00448nam a2200169Ia 4500 | ||
|---|---|---|---|
| 003 | GCL | ||
| 008 | 140319s9999 xx 000 0 eng d | ||
| 040 |
_aGCL / _cGCL |
||
| 082 | 0 | 4 |
_a610 _bF M |
| 100 | 1 | _aFORD, J. MICHOEL | |
| 245 | 1 | 0 |
_aMCQS FOR MRCP PORTI - GENERAL MEDICINE / _cFORD, J. MICHOEL |
| 700 | 1 | _aMATTHEWS, M. DAVID | |
| 260 |
_a[S.N] : _bCHURCHILL LIVINGSTONE ، _c1995 |
||
| 300 | _a225 | ||
| 650 | 0 | 4 | _aMEDICINE |
| 942 |
_2ddc _cBK |
||
| 999 |
_c10865 _d10865 |
||